Statistics for BO3 Zombies Perk-a-Colas

Click here to take the quiz!

General Stats

  • This quiz has been taken 16 times
  • The average score is 7 of 9

Answer Stats

Perk-A-Cola% Correct
Juggernog
93%
Speed Cola
93%
Quick Revive
87%
Deadshot Daiquri
80%
Mule Kick
80%
Widow's Wine
80%
Double Tap Root Beer
73%
Stamin-Up
73%
Electric Cherry
67%

Score Distribution

Percentile by Number Answered

Percent of People with Each Score

Your Score History

You have not taken this quiz